[Event "Hebraica op 30th"]
[Site "Hebraica"]
[Date "2023.02.11"]
[Round "5"]
[White "Brujin, Homero"]
[Black "Machado, Marcos Donizete"]
[Result "1/2-1/2"]
[WhiteElo "1462"]
[BlackElo "1808"]
[PlyCount "59"]
[EventDate "2023.02.10"]
[EventType "swiss"]
[EventRounds "7"]
[EventCountry "BRA"]
[SourceTitle "CBM 212 Extra"]
[Source "ChessBase"]
[SourceDate "2023.03.31"]
[SourceVersion "1"]
[SourceVersionDate "2023.03.31"]
[SourceQuality "1"]

1. d4 Nf6 2. c4 e6 3. Nc3 d5 4. Bg5 Be7 5. Nf3 h6 6. Bh4 0-0 7. e3 c6 8. Be2 dxc4 9. Bxc4 Nbd7 10. 0-0 c5 11. Ne2 b6 12. Ne5 Nxe5 13. dxe5 Nd7 14. Bxe7 Qxe7 15. Qd6 Re8 16. Rad1 Nf8 17. Bb5 Qxd6 18. Rxd6 Re7 19. Rfd1 Bb7 20. f4 a6 21. Bc6 Rc8 22. Bxb7 Rxb7 23. Nc3 g6 24. Ne4 Kg7 25. Nd2 Rcc7 26. Nc4 b5 27. Na5 Ra7 28. Nc6 Rab7 29. Na5 Ra7 30. Nc6 1/2-1/2

[Event "BRA Amateur-ch U1800"]
[Site "Sao Paulo"]
[Date "2022.11.04"]
[Round "4"]
[White "Brujin, Homero"]
[Black "Arelari, Jose Carlos"]
[Result "0-1"]
[WhiteElo "1443"]
[BlackElo "1777"]
[PlyCount "58"]
[EventDate "2022.11.03"]
[EventType "swiss"]
[EventRounds "7"]
[EventCountry "BRA"]
[SourceTitle "CBM 211 Extra"]
[Source "ChessBase"]
[SourceDate "2023.01.31"]
[SourceVersion "1"]
[SourceVersionDate "2023.01.31"]
[SourceQuality "1"]

1. d4 Nf6 2. c4 d6 3. Nf3 g6 4. Nc3 Bg7 5. e4 Nbd7 6. Be2 0-0 7. 0-0 e5 8. d5 Nc5 9. Qc2 a5 10. Be3 b6 11. Bxc5 bxc5 12. h3 Nh5 13. Nh2 Nf4 14. Bf3 f5 15. Kh1 Rf7 16. Ne2 Nxe2 17. Qxe2 Bd7 18. exf5 gxf5 19. Bh5 Rf8 20. Rg1 Qh4 21. Raf1 Rf6 22. g4 Qxh3 23. g5 Rff8 24. Rg3 Qh4 25. Kg2 f4 26. Rb3 Bf5 27. Bf3 Rae8 28. Rg1 e4 29. Bh5 f3+ 0-1

[Event "BRA-ch Amateur U1600"]
[Site "Sao Paulo"]
[Date "2022.06.19"]
[Round "7"]
[White "Brujin, Homero"]
[Black "Lora, Miguel Said Brasil"]
[Result "0-1"]
[WhiteElo "1470"]
[BlackElo "1229"]
[PlyCount "88"]
[EventDate "2022.06.16"]
[EventType "swiss"]
[EventRounds "7"]
[EventCountry "BRA"]
[SourceTitle "CBM 208 Extra"]
[Source "ChessBase"]
[SourceDate "2022.07.31"]
[SourceVersion "1"]
[SourceVersionDate "2022.07.31"]
[SourceQuality "1"]

1. d4 d5 2. Nf3 c6 3. e3 Nf6 4. Be2 h6 5. 0-0 Bf5 6. Nbd2 e6 7. c4 Nbd7 8. b3 Bb4 9. a3 Bc3 10. Ra2 Ne4 11. h3 Ndf6 12. b4 Bxd2 13. Bxd2 g5 14. g4 Bg6 15. Ne5 Nxd2 16. Qxd2 Ne4 17. Qe1 Qe7 18. f3 Nd6 19. c5 Nb5 20. a4 Nc7 21. b5 cxb5 22. axb5 0-0 23. c6 b6 24. Qa1 Qb4 25. Nxg6 fxg6 26. Rb1 Qd6 27. Kg2 h5 28. gxh5 gxh5 29. h4 gxh4 30. f4 Qe7 31. Rg1 Kh8 32. Qe1 Rg8+ 33. Kh3 Rxg1 34. Qxg1 Rg8 35. Qf2 Rg3+ 36. Kh2 Ne8 37. Bxh5 Nd6 38. Bf3 Qf7 39. Ra1 Qf5 40. Qf1 Nc4 41. Bg2 Nxe3 42. Ra2 Nxf1+ 43. Bxf1 Qxf4 44. Rc2 Rc3+ 0-1

[Event "Sao Paulo Carnaval op"]
[Site "Sao Paulo"]
[Date "2020.02.23"]
[Round "4"]
[White "Brujin, Homero"]
[Black "Pereira, Thiago Henrique"]
[Result "0-1"]
[WhiteElo "1476"]
[BlackElo "1795"]
[PlyCount "72"]
[EventDate "2020.02.22"]
[EventType "swiss"]
[EventRounds "7"]
[EventCountry "BRA"]
[SourceTitle "CBM 195 Extra"]
[Source "ChessBase"]
[SourceDate "2020.05.31"]
[SourceVersion "1"]
[SourceVersionDate "2020.05.31"]
[SourceQuality "1"]

1. c4 g6 2. Nc3 Bg7 3. g3 e6 4. Bg2 Ne7 5. Nf3 0-0 6. 0-0 d5 7. cxd5 Nxd5 8. Nxd5 exd5 9. Qc2 Re8 10. d3 Nc6 11. a3 Bg4 12. e3 Bxf3 13. Bxf3 Ne5 14. Bg2 c6 15. d4 Nd7 16. Rb1 h5 17. h4 Nf6 18. b4 a6 19. a4 Ne4 20. Kh2 g5 21. f3 Nd6 22. hxg5 Qxg5 23. e4 Qg6 24. Re1 dxe4 25. fxe4 Bxd4 26. Bf4 Be5 27. Bxe5 Rxe5 28. Rb3 Rae8 29. Rbe3 Rg5 30. Bh3 Rge5 31. Bf5 Qg5 32. Qd3 Nxf5 33. Rf3 Nh6 34. Ref1 Rxe4 35. Qb3 Re2+ 36. Kh1 Qd2 0-1

[Event "BRA-ch Amateur U1800"]
[Site "Sao Paulo"]
[Date "2019.06.20"]
[Round "2"]
[White "Brujin, Homero"]
[Black "Canonico, Rodrigo"]
[Result "1-0"]
[WhiteElo "1485"]
[BlackElo "1714"]
[PlyCount "79"]
[EventDate "2019.06.20"]
[EventType "swiss"]
[EventRounds "7"]
[EventCountry "BRA"]
[SourceTitle "CBM 195 Extra"]
[Source "ChessBase"]
[SourceDate "2020.05.31"]
[SourceVersion "1"]
[SourceVersionDate "2020.05.31"]
[SourceQuality "1"]

1. c4 f5 2. Nc3 Nf6 3. Nf3 g6 4. g3 Bg7 5. Bg2 0-0 6. 0-0 d6 7. d4 Nc6 8. Re1 e5 9. dxe5 dxe5 10. Nd5 Nxd5 11. cxd5 Nb4 12. Qb3 Nxd5 13. Rd1 c6 14. e4 fxe4 15. Ng5 Bg4 16. Re1 Qb6 17. Qxb6 Nxb6 18. Nxe4 Rad8 19. Bg5 Rd4 20. Nc5 Rf7 21. h3 Bc8 22. Be3 Rd8 23. b3 Nd5 24. Rad1 b6 25. Bg5 Rdf8 26. Ne4 h6 27. Bc1 Bf5 28. Nd6 Rf6 29. Ba3 Nc3 30. Rc1 Nxa2 31. Rxc6 Bxh3 32. Bxh3 Rxf2 33. Ne4 R2f3 34. Bxf8 Bxf8 35. Kg2 Rd3 36. Rc8 Kg7 37. Rf1 Bb4 38. Rc7+ Kg8 39. Be6+ Kh8 40. Rc8+ 1-0

[Event "Sao Paulo Haroldo Salles op"]
[Site "Sao Paulo"]
[Date "2019.05.09"]
[Round "1.3"]
[White "Branchini, Fernando Luis Sakam"]
[Black "Brujin, Homero"]
[Result "1-0"]
[WhiteElo "1968"]
[BlackElo "1493"]
[PlyCount "87"]
[EventDate "2019.05.09"]
[EventType "swiss"]
[EventRounds "6"]
[EventCountry "BRA"]
[SourceTitle "EXT 2022"]
[Source "ChessBase"]
[SourceDate "2021.10.06"]
[SourceVersion "1"]
[SourceVersionDate "2021.10.06"]
[SourceQuality "1"]

1. e4 c5 2. f4 d6 3. Nc3 g6 4. Nf3 Nf6 5. g3 Bg7 6. Bg2 0-0 7. 0-0 Nc6 8. d3 Bd7 9. h3 a6 10. a4 Rc8 11. Be3 Qb6 12. Qd2 Qc7 13. g4 c4 14. g5 Nh5 15. Nd5 Qd8 16. Bb6 Qe8 17. dxc4 e6 18. Nc7 Qe7 19. Rad1 Ng3 20. Rfe1 Nb8 21. b3 Bc6 22. Nd4 Rxc7 23. Bxc7 Qxc7 24. Nxc6 Nxc6 25. Qxd6 Qb8 26. e5 Qa7+ 27. Kh2 Nf5 28. Qd2 Rd8 29. Qc3 Rxd1 30. Rxd1 Qc5 31. Qe1 h6 32. h4 Ne3 33. Rd3 Ng4+ 34. Kg3 h5 35. Bf3 Ncxe5 36. fxe5 Bxe5+ 37. Kg2 Nh2 38. Qe3 Qc7 39. Qe4 Nxf3 40. Qxf3 b5 41. Qa8+ Kg7 42. Qxa6 Qc5 43. Qxb5 Qc7 44. Rd7 1-0

[Event "Sao Paulo Salles Cup 12th"]
[Site "Sao Paulo"]
[Date "2018.04.21"]
[Round "4"]
[White "Brujin, Homero"]
[Black "Martins, Andre Giacomazzi"]
[Result "0-1"]
[WhiteElo "1482"]
[BlackElo "1800"]
[PlyCount "78"]
[EventDate "2018.04.20"]
[EventType "swiss"]
[EventRounds "6"]
[EventCountry "BRA"]
[SourceTitle "CBM 184 Extra"]
[Source "ChessBase"]
[SourceDate "2018.06.28"]
[SourceVersion "1"]
[SourceVersionDate "2018.06.28"]
[SourceQuality "1"]

1. c4 c6 2. d4 d5 3. e3 e6 4. Nc3 Nf6 5. Nf3 Nbd7 6. Be2 dxc4 7. Bxc4 b5 8. Be2 Bb7 9. 0-0 a6 10. e4 c5 11. e5 cxd4 12. exf6 dxc3 13. fxg7 Bxg7 14. bxc3 Bxc3 15. Rb1 Ne5 16. Nxe5 Bxe5 17. Qb3 Qd5 18. Qxd5 Bxd5 19. Bb2 Rg8 20. f3 Bxb2 21. Rxb2 Rc8 22. Rfb1 Bc4 23. Bxc4 Rxc4 24. Rd2 Ke7 25. Rbd1 Rgc8 26. Kf2 Rc2 27. Ke2 Rxd2+ 28. Rxd2 e5 29. g4 f6 30. h4 h6 31. Ke3 Ke6 32. Kf2 a5 33. Re2 Rc4 34. Re4 Rxe4 35. fxe4 Kd6 36. Kf3 b4 37. Ke3 Kc5 38. Kd3 a4 39. Kc2 Kd4 0-1

[Event "Sao Paulo Salles Cup 12th"]
[Site "Sao Paulo"]
[Date "2018.04.21"]
[Round "3"]
[White "Melo, Sergio Roberto Samp"]
[Black "Brujin, Homero"]
[Result "1-0"]
[WhiteElo "1718"]
[BlackElo "1482"]
[PlyCount "69"]
[EventDate "2018.04.20"]
[EventType "swiss"]
[EventRounds "6"]
[EventCountry "BRA"]
[SourceTitle "CBM 184 Extra"]
[Source "ChessBase"]
[SourceDate "2018.06.28"]
[SourceVersion "1"]
[SourceVersionDate "2018.06.28"]
[SourceQuality "1"]

1. Nf3 Nf6 2. b3 g6 3. Bb2 Bg7 4. c4 d6 5. g3 0-0 6. Bg2 Nc6 7. 0-0 Rb8 8. d4 e6 9. Nc3 d5 10. cxd5 exd5 11. Rc1 Re8 12. e3 b6 13. Ne5 Bb7 14. Nb5 a6 15. Nxc6 Bxc6 16. Rxc6 axb5 17. Qc2 Rb7 18. Rc1 Qa8 19. Rxf6 Bxf6 20. Bxd5 Re7 21. Bxb7 Qxb7 22. Ba3 Rd7 23. Qc6 Qxc6 24. Rxc6 Bg7 25. g4 Bf8 26. Bxf8 Kxf8 27. Kg2 Ke8 28. Kf3 Kd8 29. Kf4 h6 30. h4 Rd6 31. Rxd6+ cxd6 32. Ke4 Ke7 33. Kd5 Kd7 34. e4 f6 35. f4 1-0

[Event "Sao Paulo op-B U2050 7th"]
[Site "Sao Paulo"]
[Date "2018.03.31"]
[Round "3"]
[White "De Carvalho, Igor Lorenzon"]
[Black "Brujin, Homero"]
[Result "1-0"]
[WhiteElo "1944"]
[BlackElo "1482"]
[PlyCount "79"]
[EventDate "2018.03.30"]
[EventType "swiss"]
[EventRounds "6"]
[EventCountry "BRA"]
[SourceTitle "EXT 2021"]
[Source "ChessBase"]
[SourceDate "2020.10.23"]
[SourceVersion "1"]
[SourceVersionDate "2020.10.23"]
[SourceQuality "1"]

1. d4 Nf6 2. c4 c5 3. d5 b5 4. cxb5 a6 5. bxa6 Bxa6 6. Nc3 g6 7. e4 Bxf1 8. Kxf1 d6 9. h3 Bg7 10. g4 Qc8 11. Kg2 0-0 12. Nge2 Na6 13. Be3 Rb8 14. Qd2 Rd8 15. f3 Nd7 16. h4 Ne5 17. b3 c4 18. Rab1 cxb3 19. axb3 Rd7 20. h5 Rc7 21. hxg6 fxg6 22. Bd4 Nc5 23. b4 Ncd7 24. Qg5 Nf8 25. Qd2 Nc4 26. Qd3 Ne5 27. Qd1 Rc4 28. Qd2 Nxf3 29. Kxf3 Bxd4 30. Nxd4 Rxc3+ 31. Kf4 Qc4 32. Rhc1 Rc8 33. Nc6 Ne6+ 34. dxe6 Rxc6 35. Rxc3 Qxc3 36. Qxc3 Rxc3 37. g5 Rc4 38. b5 d5 39. b6 dxe4 40. b7 1-0

[Event "Sao Paulo Carnaval op"]
[Site "Sao Paulo"]
[Date "2018.02.10"]
[Round "1"]
[White "Dos Reis, Leandro Aparecido C"]
[Black "Brujin, Homero"]
[Result "1-0"]
[WhiteElo "1992"]
[BlackElo "1495"]
[PlyCount "67"]
[EventDate "2018.02.10"]
[EventType "swiss"]
[EventRounds "7"]
[EventCountry "BRA"]
[SourceTitle "CBM 183 Extra"]
[Source "ChessBase"]
[SourceDate "2018.04.19"]
[SourceVersion "1"]
[SourceVersionDate "2018.04.19"]
[SourceQuality "1"]

1. d4 Nf6 2. c4 c5 3. d5 b5 4. a4 b4 5. Nd2 g6 6. e4 d6 7. f4 Bg7 8. Ngf3 0-0 9. Bd3 Nbd7 10. 0-0 Re8 11. Rb1 a5 12. b3 Nf8 13. Bb2 e6 14. Qc2 Bh6 15. Ng5 Ng4 16. Rbe1 Bxg5 17. fxg5 Qxg5 18. Nf3 Qe7 19. h3 Nf6 20. e5 Nh5 21. exd6 Qxd6 22. Be5 Qd8 23. g4 Nf6 24. Ng5 N8d7 25. Nxf7 Kxf7 26. Ba1 exd5 27. cxd5 Rxe1 28. Rxe1 Nxd5 29. Bc4 Bb7 30. Qb2 N7f6 31. Rf1 Ra6 32. g5 Qe7 33. Qf2 Kg7 34. Bxa6 1-0